000 00370nam a2200133Ia 4500
005 20260328101515.0
008 260328s9999||||xx |||||||||||||| ||und||
100 _aOchsendorf, John
245 0 _aGuastavino Vaulting :
_b The Art of Structural Tile /
_cJohn Ochsendorf
260 _bPrinceton Architectural Press
300 _a255 p.
650 _aARQUITECTOS
942 _cBK
999 _c9335
_d9335